[Event "HUN-chT2 Maroczy 1819"]
[Site "Hungary"]
[Date "2018.09.23"]
[Round "1.11"]
[White "Valyi, Blanka Borbala"]
[Black "Magyar, Otto"]
[Result "1/2-1/2"]
[WhiteElo "1851"]
[BlackElo "2183"]
[PlyCount "102"]
[EventDate "2018.09.23"]
[EventType "team-tourn"]
[EventRounds "11"]
[EventCountry "HUN"]
[SourceTitle "EXT 2020"]
[Source "ChessBase"]
[SourceDate "2019.10.17"]
[SourceVersion "1"]
[SourceVersionDate "2019.10.17"]
[SourceQuality "1"]
[WhiteTeam "Szeged Maroczy II"]
[BlackTeam "Penzugyor II"]
[WhiteTeamCountry "HUN"]
[BlackTeamCountry "HUN"]

1. d4 Nf6 2. Nf3 b5 3. g3 Bb7 4. Bg2 e6 5. 0-0 c5 6. c4 bxc4 7. Qa4 Qb6 8. Qxc4 Qa6 9. Qxa6 Nxa6 10. Nc3 Be7 11. Bf4 0-0 12. a3 d6 13. Nb5 Rfd8 14. dxc5 Nxc5 15. b4 Nce4 16. Be3 a6 17. Nc7 Rac8 18. Bb6 Rd7 19. b5 Rdxc7 20. Bxc7 Rxc7 21. bxa6 Bxa6 22. Rfc1 Nc5 23. e3 Ra7 24. Rab1 Nfd7 25. Nd4 Bf6 26. Nc6 Rc7 27. Nb8 Bd3 28. Nxd7 Rxd7 29. Rb8+ Rd8 30. Rxd8+ Bxd8 31. Bf1 Bxf1 32. Kxf1 Kf8 33. Ke2 Ke7 34. Rb1 Bc7 35. Rb4 h5 36. a4 g6 37. h4 e5 38. Kf3 f5 39. Ke2 e4 40. f3 Kd7 41. f4 Kc6 42. Kd1 d5 43. Ke2 Bb6 44. a5 Bc7 45. Rb1 Na6 46. Ra1 Kb5 47. Rd1 Nb4 48. Rc1 Na6 49. Rd1 Kc6 50. Ra1 Bd6 51. Rb1 Bc7 1/2-1/2

[Event "HUN-chT2 Charousek 1718"]
[Site "Hungary"]
[Date "2018.03.25"]
[Round "8.9"]
[White "Magyar, Otto"]
[Black "Varga, Richard"]
[Result "1/2-1/2"]
[WhiteElo "2184"]
[BlackElo "2100"]
[PlyCount "47"]
[EventDate "2017.10.29"]
[EventType "team-tourn"]
[EventRounds "9"]
[EventCountry "HUN"]
[SourceTitle "EXT 2020"]
[Source "ChessBase"]
[SourceDate "2019.10.17"]
[SourceVersion "1"]
[SourceVersionDate "2019.10.17"]
[SourceQuality "1"]
[WhiteTeam "Penzugyor"]
[BlackTeam "Aquaprofit Nagykanizsa II"]
[WhiteTeamCountry "HUN"]
[BlackTeamCountry "HUN"]

1. d4 Nf6 2. c4 g6 3. Nc3 Bg7 4. e4 d6 5. Bd3 0-0 6. Nge2 e5 7. d5 Nbd7 8. 0-0 a5 9. Rb1 Nc5 10. Bc2 Ne8 11. a3 f5 12. exf5 gxf5 13. b4 axb4 14. axb4 Nd7 15. f4 b6 16. Be3 exf4 17. Bxf4 Ne5 18. Bb3 Ng6 19. Nb5 Qe7 20. Qd3 Qe4 21. Qxe4 fxe4 22. Be3 Rxf1+ 23. Rxf1 Bd7 24. Nbd4 1/2-1/2

[Event "HUN-chT2 Charousek 1718"]
[Site "Hungary"]
[Date "2017.12.17"]
[Round "4.6"]
[White "Magyar, Otto"]
[Black "Molnar, Erno"]
[Result "1/2-1/2"]
[WhiteElo "2184"]
[BlackElo "2264"]
[PlyCount "118"]
[EventDate "2017.10.29"]
[EventType "team-tourn"]
[EventRounds "9"]
[EventCountry "HUN"]
[SourceTitle "EXT 2020"]
[Source "ChessBase"]
[SourceDate "2019.10.17"]
[SourceVersion "1"]
[SourceVersionDate "2019.10.17"]
[SourceQuality "1"]
[WhiteTeam "Penzugyor"]
[BlackTeam "Gyor Szechenyi"]
[WhiteTeamCountry "HUN"]
[BlackTeamCountry "HUN"]

1. e4 e5 2. Nf3 Nc6 3. Bb5 a6 4. Ba4 Nf6 5. 0-0 Be7 6. Re1 b5 7. Bb3 d6 8. c3 0-0 9. h3 Na5 10. Bc2 c5 11. d4 Qc7 12. d5 Re8 13. Nbd2 Bf8 14. b3 g6 15. Nf1 Bg7 16. Ng3 Bd7 17. Be3 Nb7 18. c4 bxc4 19. bxc4 Reb8 20. Qd3 Ne8 21. Reb1 Nd8 22. Bd2 Rxb1+ 23. Rxb1 Rb8 24. Qa3 Rxb1+ 25. Bxb1 Qc8 26. Qa5 Bf6 27. Bc2 Be7 28. Ba4 Bxa4 29. Qxa4 Ng7 30. Bh6 Qb7 31. Qc2 f6 32. Bd2 Nf7 33. Ne1 Qd7 34. f3 f5 35. Ne2 f4 36. Nc3 g5 37. Nd3 h5 38. Qa4 Qxa4 39. Nxa4 Kf8 40. Kf1 Ke8 41. Ba5 Bd8 42. Bc3 Be7 43. Ke2 Kd7 44. Ba5 Ne8 45. Bb6 Nc7 46. Kd2 Kc8 47. Kc3 g4 48. hxg4 hxg4 49. Kd2 g3 50. Bxc5 dxc5 51. Naxc5 Bxc5 52. Nxc5 Nd6 53. Kd3 Kd8 54. a4 Kc8 55. Nb3 Kd8 56. c5 Nf7 57. Nd2 Ng5 58. Kc4 Ne8 59. Kd3 Nf6 1/2-1/2

[Event "HUN-chT2 Charousek 1718"]
[Site "Hungary"]
[Date "2017.11.26"]
[Round "2.9"]
[White "Nagy, Zoltan"]
[Black "Magyar, Otto"]
[Result "1/2-1/2"]
[WhiteElo "2120"]
[BlackElo "2184"]
[PlyCount "24"]
[EventDate "2017.10.29"]
[EventType "team-tourn"]
[EventRounds "9"]
[EventCountry "HUN"]
[SourceTitle "EXT 2020"]
[Source "ChessBase"]
[SourceDate "2019.10.17"]
[SourceVersion "1"]
[SourceVersionDate "2019.10.17"]
[SourceQuality "1"]
[WhiteTeam "Tapolca Rockwool"]
[BlackTeam "Penzugyor"]
[WhiteTeamCountry "HUN"]
[BlackTeamCountry "HUN"]

1. e4 e5 2. Nf3 Nc6 3. Bc4 Bc5 4. c3 Nf6 5. d3 d6 6. b4 Bb6 7. 0-0 0-0 8. a4 a5 9. b5 Ne7 10. Nbd2 Ng6 11. h3 c6 12. bxc6 bxc6 1/2-1/2

[Event "Budapest-chT1 Lilienthal 1516"]
[Site "Budapest"]
[Date "2015.11.15"]
[Round "4"]
[White "Kerek, Csaba"]
[Black "Magyar, Otto"]
[Result "1-0"]
[WhiteElo "2300"]
[BlackElo "2172"]
[PlyCount "69"]
[EventDate "2015.09.20"]
[EventType "team-tourn"]
[EventRounds "9"]
[EventCountry "HUN"]
[SourceTitle "EXT 2021"]
[Source "ChessBase"]
[SourceDate "2020.10.23"]
[SourceVersion "1"]
[SourceVersionDate "2020.10.23"]
[SourceQuality "1"]
[WhiteTeam "Barcza GSC"]
[BlackTeam "Penzugyor III"]
[WhiteTeamCountry "HUN"]
[BlackTeamCountry "HUN"]

1. Nf3 Nf6 2. c4 e6 3. g3 d5 4. Bg2 Be7 5. d4 0-0 6. 0-0 dxc4 7. Ne5 Nc6 8. Bxc6 bxc6 9. Nxc6 Qe8 10. Nxe7+ Qxe7 11. Qa4 c5 12. Qa3 Qd7 13. dxc5 Bb7 14. Nc3 e5 15. f3 Rfc8 16. Be3 Qh3 17. Rf2 Nd5 18. Nxd5 Bxd5 19. Rd1 Qe6 20. Rd2 h5 21. Rf1 e4 22. f4 Qf5 23. Qc3 f6 24. Rfd1 Be6 25. Bf2 Kf7 26. Qe3 Qg6 27. Rd4 f5 28. Rd6 Qf6 29. Qa3 Rc7 30. Bd4 Qe7 31. c6 Rac8 32. Qc5 Rg8 33. Qe5 Rcc8 34. Bc5 Qf6 35. Rxe6 1-0

[Event "HUN-chT2 Maroczy 1314"]
[Site "Hungary"]
[Date "2014.04.13"]
[Round "10"]
[White "Lorincz, Istvan"]
[Black "Magyar, Otto"]
[Result "1/2-1/2"]
[WhiteElo "2241"]
[BlackElo "2179"]
[PlyCount "47"]
[EventDate "2013.09.08"]
[EventType "team-tourn"]
[EventRounds "11"]
[EventCountry "HUN"]
[SourceTitle "EXT 2016"]
[Source "ChessBase"]
[SourceDate "2015.10.08"]
[SourceVersion "1"]
[SourceVersionDate "2015.10.08"]
[SourceQuality "1"]
[WhiteTeam "Budapest MLTC II"]
[BlackTeam "Penzugyor II"]
[WhiteTeamCountry "HUN"]
[BlackTeamCountry "HUN"]

1. d4 Nf6 2. Nf3 e6 3. c4 Bb4+ 4. Bd2 Qe7 5. e3 b6 6. Be2 Bb7 7. 0-0 Bxd2 8. Nbxd2 0-0 9. Qc2 d6 10. b4 c5 11. dxc5 dxc5 12. b5 Nbd7 13. Bd3 Rfe8 14. Ne4 g6 15. Rfd1 e5 16. Rd2 Kg7 17. Rad1 Rad8 18. h3 h6 19. Nh2 Nxe4 20. Bxe4 Bxe4 21. Qxe4 Nf6 22. Qc2 Rxd2 23. Qxd2 Qe6 24. Qc2 1/2-1/2

[Event "Budapest-chT1 Lilienthal 1314"]
[Site "Budapest"]
[Date "2014.02.23"]
[Round "8"]
[White "Magyar, Otto"]
[Black "Kormos, Adam"]
[Result "1/2-1/2"]
[WhiteElo "2179"]
[BlackElo "2186"]
[PlyCount "61"]
[EventDate "2013.09.29"]
[EventType "team-tourn"]
[EventRounds "11"]
[EventCountry "HUN"]
[SourceTitle "EXT 2021"]
[Source "ChessBase"]
[SourceDate "2020.10.23"]
[SourceVersion "1"]
[SourceVersionDate "2020.10.23"]
[SourceQuality "1"]
[WhiteTeam "Penzugyor III"]
[BlackTeam "Budapest EAC III"]
[WhiteTeamCountry "HUN"]
[BlackTeamCountry "HUN"]

1. d4 Nf6 2. c4 g6 3. Nc3 d5 4. cxd5 Nxd5 5. e4 Nxc3 6. bxc3 Bg7 7. Be3 c5 8. Rc1 0-0 9. Qd2 Qa5 10. d5 Rd8 11. c4 Qa3 12. Bd3 Nc6 13. Ne2 Ne5 14. Rc3 Qa5 15. f3 b5 16. cxb5 Nxd3+ 17. Rxd3 Qxb5 18. Rb3 Qc4 19. Kf2 Ba6 20. Rc1 Qa4 21. Rxc5 Rdc8 22. Rb1 Bxe2 23. Rxc8+ Rxc8 24. Qxe2 Rc2 25. Rb8+ Bf8 26. Bh6 Rxe2+ 27. Kxe2 Qxa2+ 28. Kd3 Qa3+ 29. Kc2 Qa2+ 30. Kc3 Qa3+ 31. Kc2 1/2-1/2

[Event "HUN-chT2 Maroczy 1314"]
[Site "Hungary"]
[Date "2013.10.20"]
[Round "3"]
[White "Magyar, Otto"]
[Black "Csikos, Mihaly"]
[Result "1/2-1/2"]
[WhiteElo "2179"]
[BlackElo "2037"]
[PlyCount "31"]
[EventDate "2013.09.08"]
[EventType "team-tourn"]
[EventRounds "11"]
[EventCountry "HUN"]
[SourceTitle "EXT 2016"]
[Source "ChessBase"]
[SourceDate "2015.10.08"]
[SourceVersion "1"]
[SourceVersionDate "2015.10.08"]
[SourceQuality "1"]
[WhiteTeam "Penzugyor II"]
[BlackTeam "Mako II"]
[WhiteTeamCountry "HUN"]
[BlackTeamCountry "HUN"]

1. e4 e5 2. Nf3 Nf6 3. Nc3 Nc6 4. Bb5 Nd4 5. Ba4 c6 6. d3 Qa5 7. Bd2 Bb4 8. Bb3 Nxb3 9. axb3 Qc7 10. 0-0 0-0 11. Nb5 cxb5 12. Bxb4 Re8 13. c4 bxc4 14. bxc4 d6 15. Bc3 Bd7 16. Qd2 1/2-1/2

[Event "Budapest FS08 FM-A1"]
[Site "Budapest"]
[Date "2013.08.10"]
[Round "7"]
[White "Farkas, Richard"]
[Black "Magyar, Otto"]
[Result "0-1"]
[WhiteElo "2176"]
[BlackElo "2192"]
[PlyCount "90"]
[EventDate "2013.08.03"]
[EventType "tourn"]
[EventRounds "9"]
[EventCountry "HUN"]
[SourceTitle "CBM 155 Extra"]
[Source "ChessBase"]
[SourceDate "2013.08.26"]
[SourceVersion "1"]
[SourceVersionDate "2013.08.26"]
[SourceQuality "1"]

1. e4 c6 2. Ne2 d5 3. e5 Bf5 4. Ng3 Bg6 5. h4 h6 6. h5 Bh7 7. e6 Qd6 8. exf7+ Kxf7 9. d4 e5 10. dxe5 Qxe5+ 11. Be2 Bc5 12. Nd2 Nf6 13. Rh4 Nbd7 14. Nf3 Qc7 15. Nd4 Rae8 16. Kf1 Rhf8 17. c3 Kg8 18. Kg1 Ne4 19. Nxe4 Bxe4 20. Be3 Qd8 21. Rh3 Qf6 22. Bf3 Bh7 23. Qb3 Bb6 24. Rd1 Nc5 25. Qa3 Ne4 26. Qb3 Ng5 27. Rg3 Nxf3+ 28. Rxf3 Qe5 29. Rxf8+ Rxf8 30. Nf3 Qxh5 31. Bxb6 axb6 32. Re1 b5 33. Qb4 Be4 34. Nd2 Bxg2 35. Kxg2 Qg5+ 36. Kf1 Qxd2 37. Qc5 Qxb2 38. Re7 Qb1+ 39. Ke2 Qxa2+ 40. Ke1 Qb1+ 41. Ke2 Qc2+ 42. Ke1 Rf7 43. Re8+ Kh7 44. Qd4 Qg6 45. Kf1 Rxf2+ 0-1

[Event "Budapest FS08 FM-A1"]
[Site "Budapest"]
[Date "2013.08.06"]
[Round "4"]
[White "Magyar, Otto"]
[Black "Darazs, Zoltan"]
[Result "1/2-1/2"]
[WhiteElo "2192"]
[BlackElo "2124"]
[PlyCount "37"]
[EventDate "2013.08.03"]
[EventType "tourn"]
[EventRounds "9"]
[EventCountry "HUN"]
[SourceTitle "CBM 155 Extra"]
[Source "ChessBase"]
[SourceDate "2013.08.26"]
[SourceVersion "1"]
[SourceVersionDate "2013.08.26"]
[SourceQuality "1"]

1. d4 Nf6 2. c4 g6 3. Nc3 d5 4. Nf3 Bg7 5. e3 0-0 6. Bd2 c5 7. dxc5 Na6 8. cxd5 Nxd5 9. Bxa6 Nxc3 10. Bxc3 Bxc3+ 11. bxc3 bxa6 12. Qxd8 Rxd8 13. Nd4 Bd7 14. 0-0 Rdc8 15. Nb3 a5 16. Rfd1 Be8 17. Nxa5 Rxc5 18. Nb3 Rxc3 19. Rac1 1/2-1/2

[Event "HUN-chT2 Charousek 1213"]
[Site "Hungary"]
[Date "2013.04.07"]
[Round "10"]
[White "Magyar, Otto"]
[Black "Csiszar, Zoltan"]
[Result "1/2-1/2"]
[WhiteElo "2217"]
[BlackElo "2251"]
[PlyCount "28"]
[EventDate "2012.09.16"]
[EventType "team-tourn"]
[EventRounds "11"]
[EventCountry "HUN"]
[SourceTitle "EXT 2014"]
[Source "ChessBase"]
[SourceDate "2013.11.20"]
[SourceVersion "1"]
[SourceVersionDate "2013.11.20"]
[SourceQuality "1"]
[WhiteTeam "Penzugyor II"]
[BlackTeam "Csuti"]
[WhiteTeamCountry "HUN"]
[BlackTeamCountry "HUN"]

1. e4 c6 2. d4 d5 3. Nc3 dxe4 4. Nxe4 Bf5 5. Ng3 Bg6 6. Nf3 Nd7 7. h4 h6 8. h5 Bh7 9. Bd3 Bxd3 10. Qxd3 e6 11. Bd2 Qc7 12. 0-0-0 Ngf6 13. Ne4 0-0-0 14. Qe2 Be7 1/2-1/2

[Event "HUN-chT2 Charousek 1112"]
[Site "Hungary"]
[Date "2012.05.06"]
[Round "10"]
[White "Magyar, Otto"]
[Black "Keschitz, Gyorgy"]
[Result "1-0"]
[WhiteElo "2234"]
[BlackElo "2307"]
[PlyCount "55"]
[EventDate "2011.09.25"]
[EventType "team-tourn"]
[EventRounds "11"]
[EventCountry "HUN"]
[SourceTitle "EXT 2013"]
[Source "ChessBase"]
[SourceDate "2012.11.22"]
[SourceVersion "1"]
[SourceVersionDate "2012.11.22"]
[SourceQuality "1"]
[WhiteTeam "Penzugyor II"]
[BlackTeam "BEAC"]
[WhiteTeamCountry "HUN"]
[BlackTeamCountry "HUN"]

1. e4 d6 2. d4 Nf6 3. Bd3 e5 4. d5 c6 5. c4 Be7 6. Nc3 0-0 7. Nf3 a6 8. 0-0 Nbd7 9. Rb1 cxd5 10. cxd5 Nc5 11. b4 Nxd3 12. Qxd3 Bg4 13. Nd2 Nd7 14. Nb3 b6 15. f3 Bh5 16. Be3 Qc7 17. Rfc1 Qb7 18. Rc2 Rfc8 19. Rbc1 f6 20. Na4 Rxc2 21. Qxc2 Be8 22. Qc6 Rb8 23. Qxb7 Rxb7 24. Rc6 b5 25. Nb2 Nb8 26. Rc8 Kf7 27. Na5 Rd7 28. Bb6 1-0

[Event "HUN-chT2 Charousek 1112"]
[Site "Hungary"]
[Date "2012.04.22"]
[Round "9"]
[White "Forgacs, Attila"]
[Black "Magyar, Otto"]
[Result "1-0"]
[WhiteElo "2235"]
[BlackElo "2234"]
[PlyCount "73"]
[EventDate "2011.09.25"]
[EventType "team-tourn"]
[EventRounds "11"]
[EventCountry "HUN"]
[SourceTitle "EXT 2013"]
[Source "ChessBase"]
[SourceDate "2012.11.22"]
[SourceVersion "1"]
[SourceVersionDate "2012.11.22"]
[SourceQuality "1"]
[WhiteTeam "Balatonfuered"]
[BlackTeam "Penzugyor II"]
[WhiteTeamCountry "HUN"]
[BlackTeamCountry "HUN"]

1. e4 c6 2. d4 d5 3. e5 Bf5 4. Nf3 e6 5. Be2 c5 6. Be3 Qb6 7. Nc3 c4 8. Rb1 Bb4 9. 0-0 Bxc3 10. bxc3 Qc7 11. Nh4 Bg6 12. f4 Ne7 13. g4 Qd7 14. f5 exf5 15. gxf5 Bxf5 16. Nxf5 Nxf5 17. Bg4 g6 18. Bxf5 gxf5 19. Qh5 Qe6 20. Rxf5 Qg6+ 21. Kf2 Nc6 22. Rg1 Qxh5 23. Rxh5 Rc8 24. Rg7 h6 25. Rxh6 Rxh6 26. Bxh6 Ne7 27. Bg5 Rc6 28. h4 Rg6 29. Rxg6 Nxg6 30. Kf3 Kd7 31. Kg4 Ke6 32. h5 Nf8 33. Bh6 Nh7 34. Bg7 b5 35. a3 a6 36. Kf4 a5 37. Kg4 1-0

[Event "HUN-chT2 Charousek 1112"]
[Site "Hungary"]
[Date "2012.03.11"]
[Round "7"]
[White "Magyar, Otto"]
[Black "Szelenyi, Norbert"]
[Result "0-1"]
[WhiteElo "2234"]
[BlackElo "2356"]
[PlyCount "94"]
[EventDate "2011.09.25"]
[EventType "team-tourn"]
[EventRounds "11"]
[EventCountry "HUN"]
[SourceTitle "EXT 2013"]
[Source "ChessBase"]
[SourceDate "2012.11.22"]
[SourceVersion "1"]
[SourceVersionDate "2012.11.22"]
[SourceQuality "1"]
[WhiteTeam "Penzugyor II"]
[BlackTeam "Veszprem"]
[WhiteTeamCountry "HUN"]
[BlackTeamCountry "HUN"]

1. e4 c5 2. Nf3 a6 3. c4 d6 4. d4 cxd4 5. Nxd4 Nf6 6. Nc3 e6 7. Be2 Be7 8. 0-0 0-0 9. Be3 Qc7 10. Rc1 Nbd7 11. Qd2 Re8 12. f3 b6 13. Rc2 Bb7 14. Rfc1 Rac8 15. Bf1 Qb8 16. Na4 d5 17. cxd5 Rxc2 18. Rxc2 exd5 19. Nc6 Bxc6 20. Rxc6 b5 21. Nc3 dxe4 22. Rxa6 exf3 23. Bxb5 Rd8 24. gxf3 Nc5 25. Qf2 Nxa6 26. Bxa6 Nd5 27. Nxd5 Rxd5 28. Bc4 Rd1+ 29. Kg2 Qe5 30. Bb3 Rd3 31. Bc1 Bd6 32. Qg3 Qe2+ 33. Qf2 Qe5 34. Qg3 Qh5 35. Bf4 Rd2+ 36. Bxd2 Bxg3 37. hxg3 Qb5 38. Kf2 g5 39. g4 Kf8 40. Bc3 f5 41. Bc2 fxg4 42. fxg4 Qc4 43. Bd1 Qxa2 44. Be2 Qa7+ 45. Kg2 Qe3 46. Kf1 h5 47. gxh5 g4 0-1

[Event "HUN-chT2 Charousek 1112"]
[Site "Hungary"]
[Date "2011.10.30"]
[Round "2"]
[White "Magyar, Otto"]
[Black "Orso, Miklos"]
[Result "1/2-1/2"]
[WhiteElo "2234"]
[BlackElo "2363"]
[PlyCount "36"]
[EventDate "2011.09.25"]
[EventType "team-tourn"]
[EventRounds "11"]
[EventCountry "HUN"]
[SourceTitle "EXT 2013"]
[Source "ChessBase"]
[SourceDate "2012.11.22"]
[SourceVersion "1"]
[SourceVersionDate "2012.11.22"]
[SourceQuality "1"]
[WhiteTeam "Penzugyor II"]
[BlackTeam "Aquaprofit II"]
[WhiteTeamCountry "HUN"]
[BlackTeamCountry "HUN"]

1. Nf3 d5 2. d4 c6 3. Bf4 Qb6 4. Qc1 Nf6 5. e3 Nbd7 6. Nbd2 Nh5 7. Bg3 e6 8. Bd3 Be7 9. c3 h6 10. Be5 Nhf6 11. h3 Nxe5 12. Nxe5 c5 13. 0-0 Bd7 14. Qc2 Rc8 15. Rac1 Bb5 16. f4 Bxd3 17. Qxd3 cxd4 18. cxd4 0-0 1/2-1/2

[Event "HUN-chT2 Maroczy 1011"]
[Site "Hungary"]
[Date "2011.03.27"]
[Round "7"]
[White "Magyar, Otto"]
[Black "Kopasz, Robert"]
[Result "0-1"]
[WhiteElo "2248"]
[BlackElo "2283"]
[PlyCount "124"]
[EventDate "2010.09.12"]
[EventType "team-tourn"]
[EventRounds "11"]
[EventCountry "HUN"]
[SourceTitle "EXT 2012"]
[Source "ChessBase"]
[SourceDate "2011.11.24"]
[SourceVersion "1"]
[SourceVersionDate "2011.11.24"]
[SourceQuality "1"]
[WhiteTeam "Penzugyor II"]
[BlackTeam "Maroczy"]
[WhiteTeamCountry "HUN"]
[BlackTeamCountry "HUN"]

1. e4 e6 2. d4 d5 3. e5 c5 4. c3 Nc6 5. Nf3 cxd4 6. cxd4 Nge7 7. Nc3 Nf5 8. a3 Bd7 9. b4 Rc8 10. Bb2 g6 11. Bd3 Nh4 12. Nxh4 Qxh4 13. Ne2 Bg7 14. 0-0 0-0 15. f4 a6 16. Rf3 f5 17. Qd2 Na7 18. a4 Rf7 19. Nc1 Qd8 20. Nb3 Qe8 21. Nc5 Bc6 22. Bc2 Bf8 23. Bb3 Ra8 24. Rc3 Nc8 25. Qc2 Nb6 26. Nd3 Nc4 27. Bc1 b5 28. a5 Rg7 29. Qf2 Be7 30. Bd1 Qd8 31. Bf3 Bh4 32. g3 Be7 33. Rc2 Rc8 34. Qe1 h6 35. Rg2 Rc7 36. Raa2 Qa8 37. Kh1 Qa7 38. Qg1 h5 39. h3 Rh7 40. Rh2 Bf8 41. Rag2 Rcg7 42. Qf2 Qf7 43. Kg1 Be7 44. Kf1 Qf8 45. Qe1 Kf7 46. Ke2 Qh8 47. Kd1 Rh6 48. Kc2 Rgh7 49. Kb3 Qf8 50. Rh1 Ke8 51. Rhg1 Kd8 52. Qe2 Be8 53. Qd1 Bxb4 54. Nxb4 Nxa5+ 55. Ka3 Nc6 56. Rb2 a5 57. Bd2 axb4+ 58. Ka2 Ra7+ 59. Kb1 Ra3 60. Be2 Rh7 61. Bxb5 Rha7 62. Bc1 b3 0-1

[Event "HUN-chT2 Maroczy 1011"]
[Site "Hungary"]
[Date "2010.10.24"]
[Round "4"]
[White "Halasz, Tamas"]
[Black "Magyar, Otto"]
[Result "1-0"]
[WhiteElo "2359"]
[BlackElo "2248"]
[PlyCount "69"]
[EventDate "2010.09.12"]
[EventType "team-tourn"]
[EventRounds "11"]
[EventCountry "HUN"]
[SourceTitle "EXT 2012"]
[Source "ChessBase"]
[SourceDate "2011.11.24"]
[SourceVersion "1"]
[SourceVersionDate "2011.11.24"]
[SourceQuality "1"]
[WhiteTeam "Fuzesabony"]
[BlackTeam "Penzugyor II"]
[WhiteTeamCountry "HUN"]
[BlackTeamCountry "HUN"]

1. d4 Nf6 2. Nf3 e6 3. c4 d5 4. Nc3 dxc4 5. e3 a6 6. Bxc4 b5 7. Bd3 Bb7 8. 0-0 Nbd7 9. Qe2 c5 10. dxc5 Nxc5 11. Bc2 Qc7 12. h3 Rc8 13. Bd2 Be7 14. Rfc1 Qb8 15. a3 0-0 16. e4 Rfe8 17. Bg5 h6 18. Bh4 Nh5 19. Bxe7 Nf4 20. Qe3 Rxe7 21. b4 Nd7 22. Bb3 Ng6 23. a4 bxa4 24. Nxa4 Nf6 25. Nc5 Rec7 26. Rd1 Rxc5 27. bxc5 Nxe4 28. Bc2 f5 29. Bb3 Rxc5 30. Bxe6+ Kh7 31. Rab1 Qa8 32. Rd7 Bc6 33. Rf7 Qd8 34. Bxf5 Qd5 35. Nh4 1-0

[Event "HUN-chT2 Maroczy 0910"]
[Site "Hungary"]
[Date "2010.04.18"]
[Round "10"]
[White "Magyar, Otto"]
[Black "Boricsev, Oleg"]
[Result "1/2-1/2"]
[WhiteElo "2243"]
[BlackElo "2326"]
[PlyCount "78"]
[EventDate "2009.11.08"]
[EventType "team-tourn"]
[EventRounds "11"]
[EventCountry "HUN"]
[SourceTitle "EXT 2011"]
[Source "ChessBase"]
[SourceDate "2010.11.26"]
[SourceVersion "1"]
[SourceVersionDate "2010.11.26"]
[SourceQuality "1"]
[WhiteTeam "Penzugyor II"]
[BlackTeam "Fenstherm"]
[WhiteTeamCountry "HUN"]
[BlackTeamCountry "HUN"]

1. e4 c6 2. d4 d5 3. Nc3 dxe4 4. Nxe4 Bf5 5. Ng3 Bg6 6. Nf3 Nd7 7. h4 h6 8. h5 Bh7 9. Bd3 Bxd3 10. Qxd3 e6 11. Bf4 Ngf6 12. 0-0-0 Qa5 13. Kb1 0-0-0 14. c4 Be7 15. Qe2 Rhe8 16. Ne5 Nxe5 17. Qxe5 Qxe5 18. dxe5 Nd7 19. Ne4 Nc5 20. Nxc5 Bxc5 21. Bg3 Rxd1+ 22. Rxd1 Rd8 23. Rxd8+ Kxd8 24. Kc2 g6 25. hxg6 fxg6 26. Kd3 b5 27. f3 Kc7 28. Bf4 Bf8 29. Be3 a5 30. b3 h5 31. a4 bxa4 32. bxa4 Bb4 33. Ke4 Kd7 34. Kf4 Ke7 35. Kg5 Kf7 36. Kf4 Ke8 37. Ke4 Kd7 38. Bh6 Ke8 39. Bg5 Kd7 1/2-1/2